header

The beginning of a new epistemology (Record no. 115534)

MARC details
000 -LEADER
fixed length control field 01169nam a2200289Ia 4500
245 04 - TITLE STATEMENT
Title The beginning of a new epistemology
260 ## - PUBLICATION, DISTRIBUTION, ETC. (IMPRINT)
Place of publication Bradford, England :
Name of publisher Emerald Group Publishing,
Year of publication c2007.
300 ## - PHYSICAL DESCRIPTION
Number of Pages 303 p.
490 0# - SERIES STATEMENT
Series statement Kybernetes ;
650 #0 - SUBJECT ADDED ENTRY--TOPICAL TERM
Topical Term Cybernetics.
Topical Term Systems engineering.
700 1# - ADDED ENTRY--PERSONAL NAME
Personal name Broecker, Monika Silvia.
Personal name Ivanovas, Georg.
856 40 - ELECTRONIC LOCATION AND ACCESS
Uniform Resource Identifier http://site.ebrary.com/lib/rucke/Doc?id=10196398

No items available.

© 2026 Rongo University
Contact us: librarian | system librarian | Rongo university